[Event "TCh-CZE Extraliga 2011-12"]
[Site "Czech Republic CZE"]
[Date "2012.04.20"]
[Round "9.4"]
[White "Jedynak,R"]
[Black "Lipka,J"]
[Result "1/2-1/2"]
[WhiteElo "2494"]
[BlackElo "2443"]

1.Nf3 d5 2.c4 c6 3.e3 Nf6 4.Nc3 g6 5.d4 Bg7 6.Be2 O-O 7.O-O Bg4 8.h3 Bxf3
9.Bxf3 e6 10.b3 Nbd7 11.Bb2 Qe7 12.a4 Rfe8 13.Ba3 Qd8 14.Rc1 Nb6 15.Qe2 Nc8
16.g3 Nd6 17.Bg2 h5 18.Rfd1 Bf8 19.Qb2 Qd7 20.Rb1 Rad8 21.Ra1 Bg7 22.Qe2 Nfe4
23.Nxe4 Nxe4 24.Bxe4 dxe4 25.b4 e5 26.d5 cxd5 27.Rxd5 Qxh3 28.Rad1 Rxd5 29.cxd5 h4
30.g4 f5 31.gxf5 gxf5 32.d6 Rd8 33.d7 Qg4+ 34.Qxg4 fxg4 35.b5 Kf7 36.a5 Bf6
37.Bc5 Ra8 38.Rd5 Ke6 39.Rd6+ Kf7 40.Rd5 Ke6 41.Rd6+ Kf7 42.Bxa7 Be7 43.Bb6 Bxd6
44.d8=Q Rxd8 45.Bxd8 h3 46.Bb6 Bb8 47.a6 Ke6 48.Kh2 Kd7 49.Kg3 Kc8 50.a7 Bxa7
51.Bxa7 Kd7 52.Bb8 Ke6 53.Bc7 Kd5 54.Bd8 Ke6 55.Bh4 Kd5 56.Bg5 Ke6 57.b6 Kd5
58.Kh2 Kd6 59.Bh4 Kd5 60.Bg3 Kd6 61.Bh4 Kd5 62.Bd8 Ke6 63.Bc7 Kd5 64.Kg3 Ke6
65.Kh2  1/2-1/2

[Event "TCh-CZE Extraliga 2011-12"]
[Site "Czech Republic CZE"]
[Date "2012.04.20"]
[Round "9.6"]
[White "Jedlicka,A"]
[Black "Jirovsky,M"]
[Result "0-1"]
[WhiteElo "2262"]
[BlackElo "2466"]

1.Nf3 d5 2.c4 e6 3.g3 Nf6 4.Bg2 dxc4 5.O-O a6 6.Qc2 Nbd7 7.Qxc4 b5 8.Qc2 Bb7
9.a4 c5 10.axb5 axb5 11.Rxa8 Qxa8 12.d3 Be7 13.Na3 Bc6 14.Ne1 Nd5 15.e4 N5b6
16.Be3 O-O 17.f4 c4 18.dxc4 Bxa3 19.bxa3 Nxc4 20.Bd4 Qxa3 21.Nd3 f5 22.Ra1 Qd6
23.Qc3 Bxe4 24.Bxe4 fxe4 25.Nf2 e5 26.Bxe5 Ndxe5 27.fxe5 Qc5 28.Ra2 Qd5 29.e6 e3
30.Nd3 Nd2 31.Ra1 Nf3+ 32.Kg2 Ne1+  0-1

[Event "TCh-AUT 1st Bundesliga 2012"]
[Site "Jenbach AUT"]
[Date "2012.04.20"]
[Round "9.6"]
[White "Schreiner,Pe"]
[Black "Abel,D"]
[Result "1/2-1/2"]
[WhiteElo "2371"]
[BlackElo "2427"]

1.Nf3 d5 2.c4 c6 3.e3 Bg4 4.cxd5 Bxf3 5.Qxf3 cxd5 6.Nc3 Nf6 7.d4 e6 8.Bd3 Nc6
9.g4 Bb4 10.Bd2 a6 11.h4 e5 12.g5 e4 13.Qf5 Ng8 14.Be2 Nge7 15.Qg4 Rc8 16.h5 Qd6
17.O-O-O b5 18.Kb1 O-O 19.f3 exf3 20.Qxf3 Na5 21.Bd3 Nc4 22.Be1 Rc6 23.Ka1 f5
24.Nb1 a5 25.Bg3 Qe6 26.Bxc4 Rxc4 27.a3 Bd6 28.Nd2 Rc2 29.Nb3 a4 30.Bxd6 Qxd6
31.Nc5 Nc6 32.Rc1 Rxc1+ 33.Rxc1 Na5 34.g6 Nc4 35.gxh7+ Kxh7 36.Rg1 Qh6 37.Nd7 Rf7
38.Qxd5 Qxe3  1/2-1/2

[Event "TCh-CZE Extraliga 2011-12"]
[Site "Czech Republic CZE"]
[Date "2012.04.21"]
[Round "10.5"]
[White "Znamenacek,K"]
[Black "Velicka,P"]
[Result "0-1"]
[WhiteElo "2294"]
[BlackElo "2462"]

1.Nf3 d5 2.c4 d4 3.g3 Nc6 4.Bg2 Nf6 5.O-O e5 6.d3 Be7 7.b3 O-O 8.Ba3 a5 9.Qc1 Nd7
10.Bxe7 Qxe7 11.Na3 Nc5 12.Nb5 Nb4 13.Nd2 c6 14.Na3 Bg4 15.f3 Bh5 16.Nc2 f5
17.a3 Nxc2 18.Qxc2 e4 19.dxe4 fxe4 20.Nxe4 Nxe4 21.fxe4 Rxf1+ 22.Rxf1 Qxa3
23.Qd3 Qb2 24.Bf3 Bf7 25.Rd1 c5 26.Rd2 Qc1+ 27.Rd1 Qg5 28.Kg2 Bg6 29.Qd2 Qxd2
30.Rxd2 Re8 31.e5 b6 32.Bd5+ Bf7 33.e4 dxe3 34.Bxf7+ Kxf7 35.Rd5 a4 36.bxa4 Ra8
37.Rd6 Rxa4 38.Kf3 Rxc4 39.Rxb6 Rb4 40.Rc6 Re4 41.Rc7+ Kg6 42.Rc6+ Kg5 43.h4+ Kf5
44.Ke2 Rg4 45.e6 Kf6 46.Rxc5 Rxg3 47.Re5 Ke7 48.h5 h6 49.Rxe3 Rg5 50.Rh3 Kxe6
51.Kf3 Kf5 52.Rh1 Rg4 53.Rh2 Kg5 54.Rh1 Rh4 55.Rg1+ Kf6 56.Rg6+ Kf7 57.Ra6 Rxh5
58.Kg4 Rb5 59.Kh4 Kg8 60.Kg4 Kh7 61.Kh4 h5 62.Rc6 g6 63.Ra6 Kh6 64.Ra4 g5+
65.Kg3 Rb3+ 66.Kg2 h4 67.Kh2 Kh5 68.Ra2 h3 69.Ra4 g4 70.Ra8 Rb2+ 71.Kg3 Rg2+
72.Kf4 Kg6 73.Ra6+ Kf7 74.Ra7+ Ke6 75.Ra6+ Kd5 76.Ra8 h2 77.Rh8 g3 78.Rh5+ Kc4  0-1

[Event "ch-LTU 2012"]
[Site "Vilnius LTU"]
[Date "2012.04.21"]
[Round "1"]
[White "Kveinys,A"]
[Black "Zickus,S"]
[Result "1-0"]
[WhiteElo "2512"]
[BlackElo "2283"]

1.Nf3 d5 2.c4 dxc4 3.e3 Nf6 4.Bxc4 e6 5.d4 a6 6.O-O c5 7.Bb3 b5 8.a4 b4 9.Nbd2 Bb7
10.a5 Nbd7 11.Qe2 Be7 12.Nc4 O-O 13.Bd2 Qc7 14.Rfc1 Bd5 15.Ba4 Qb7 16.Nfe5 Nxe5
17.dxe5 Bxg2 18.exf6 Bf3 19.Qxf3 Qxf3 20.fxe7 Qg4+ 21.Kf1 Qh3+ 22.Ke1 Rfe8
23.Nb6 Rab8 24.Bxe8 Rxe8 25.Rxc5 f6 26.Rc8 Kf7 27.Rxe8 Kxe8 28.Rc1 Kxe7 29.Bxb4+ Kf7
30.Rc7+ Kg8 31.Nc8 h5 32.Nd6 Qg4 33.Bc5 Qg1+ 34.Ke2 Qb1 35.Ba3 Qg6 36.h3 h4
37.Rc8+ Kh7 38.Rc5 Kh6 39.e4 Qg2 40.Rc3 Kg6 41.b4 Qh2 42.Rd3 Qe5 43.Bc1 f5
44.f4 Qa1 45.exf5+ exf5 46.Bd2 Qh1 47.Rf3 Qg2+ 48.Ke3 Qh1 49.Nc4 Kf6 50.Bc3+ Ke6
51.Nd2 g5 52.fxg5 Qg1+ 53.Kd3 Qxg5 54.Nb3 f4 55.Nd4+ Kd5 56.Ne2 Qf5+ 57.Kd2 Qg5
58.Rxf4 Kc6 59.Bf6 Qd5+ 60.Bd4 Qa2+ 61.Ke1 Qb1+ 62.Kf2 Qxb4 63.Bc3 Qe7 64.Kf1 Qh7
65.Be1 Qh5 66.Nd4+ Kd7 67.Rxh4 Qf7+ 68.Kg1 Qg6+ 69.Kf2 Qf6+ 70.Nf3 Qf5 71.Bd2 Kc7
72.Rc4+ Kd6 73.h4  1-0

[Event "TCh-HUN 2011-12"]
[Site "Decs HUN"]
[Date "2012.04.22"]
[Round "9"]
[White "Toth,Sar"]
[Black "Nagy,Kr"]
[Result "0-1"]
[WhiteElo "2168"]
[BlackElo "2041"]

1.Nf3 d5 2.c4 c6 3.g3 Nf6 4.Bg2 g6 5.O-O Bg7 6.d4 dxc4 7.Ne5 Ng4 8.Bf4 O-O
9.Na3 Nxe5 10.Bxe5 Bxe5 11.dxe5 Be6 12.Rc1 Nd7 13.Nxc4 Bxc4 14.Rxc4 Nxe5
15.Qxd8 Raxd8 16.Re4 f6 17.f4 Ng4 18.Rxe7 Rf7 19.Re6 f5 20.b4 Rd2 21.Rb1 Rfd7
22.Bf3 Kf7 23.h3 Kxe6 24.hxg4 Rd1+ 25.Rxd1 Rxd1+ 26.Kf2 Ra1  0-1

[Event "ch-ISL 2012"]
[Site "Kopavogur ISL"]
[Date "2012.04.22"]
[Round "10"]
[White "Danielsen,Hen"]
[Black "Stefansson,H"]
[Result "1/2-1/2"]
[WhiteElo "2504"]
[BlackElo "2531"]

1.Nf3 d5 2.c4 c6 3.d4 Nf6 4.e3 Bg4 5.Qb3 Qb6 6.Nc3 e6 7.Ne5 Bf5 8.Be2 Qxb3
9.axb3 Nbd7 10.Nxd7 Kxd7 11.f3 Bb4 12.Bd2 Bc2 13.Nxd5 exd5 14.Bxb4 Bxb3 15.c5 Bc2
16.Kd2 Bg6 17.Ra3 Ne8 18.h4 h5 19.Rha1 a6 20.Ba5 Nc7 21.Bxc7 Kxc7 22.Rb3 Bf5
23.Rb6 Be6 24.Ra4 Rhg8 25.Rab4 Ra7 26.Ke1 g5 27.hxg5 Rxg5 28.Kf2 h4 29.e4 Rg7
30.Bd3 f6 31.Bc2 Re7 32.Bb1 Re8 33.Bc2 Re7 34.Bd3 Rg7 35.e5 f5 36.f4 a5 37.Ra4 Rg4
38.Be2 Rxf4+ 39.Bf3 Ra8 40.Ke3 Re4+ 41.Bxe4 dxe4 42.d5 Bxd5 43.b4 Rg8 44.bxa5 Rxg2
45.e6 Bxe6 46.a6 bxa6 47.Raxa6 Bd7 48.Ra7+ Kd8 49.Rbb7 Rg3+ 50.Kf4 Rd3 51.Rb8+ Ke7
52.Rh8 e3 53.Rh7+ Kf6 54.Rh6+ Ke7 55.Kf3 h3 56.Ke2 Rd5 57.Kxe3 Rd1 58.Ke2 Rd5
59.Rxc6 h2 60.Rh6 Rxc5 61.Kd3 Rd5+ 62.Ke3 h1=Q 63.Rxh1 Kf6 64.Rh7 Be6 65.Rh6+ Ke5
66.Re7 Rd6 67.Re8 Ra6 68.Kf2 Rb6 69.Kg3 Ra6 70.Kh4 Rb6 71.Kg5 Ra6 72.Rh1 Ra4
73.Rh6 Ra6 74.Rf6 Kd5 75.Rb8 Rc6 76.Rb1 Kd6 77.Rh1 Rc4 78.Rhh6 Re4 79.Kg6 Kd5
80.Kg7 f4 81.Rh1 Bg4 82.Rf8 Kd4 83.Rh4 f3 84.Kh6 Ke3 85.Kg5 f2 86.Rxg4 Rxg4+
87.Kxg4 Ke2 88.Kg3 f1=Q 89.Rxf1 Kxf1 90.Kf3  1/2-1/2

[Event "TCh-HUN 2011-12"]
[Site "Mako HUN"]
[Date "2012.04.22"]
[Round "9"]
[White "Szabo,G ROM"]
[Black "Erdos,V"]
[Result "1/2-1/2"]
[WhiteElo "2546"]
[BlackElo "2608"]

1.Nf3 d5 2.c4 c6 3.e3 Nf6 4.d4 Bf5 5.Nc3 e6 6.Nh4 Bg6 7.Qb3 Qc7 8.Bd2 Nbd7
9.Rc1 Nb6 10.cxd5 exd5 11.Be2 Be7 12.Nxg6 hxg6 13.h3 g5 14.g4 g6  1/2-1/2

[Event "TCh-NED Meesterklasse 2011-12"]
[Site "Netherlands NED"]
[Date "2012.04.22"]
[Round "9.4"]
[White "Sielecki,C"]
[Black "Brandenburg,D"]
[Result "0-1"]
[WhiteElo "2391"]
[BlackElo "2522"]

1.Nf3 d5 2.c4 e6 3.g3 Nf6 4.Bg2 Be7 5.O-O O-O 6.b3 c5 7.e3 Nc6 8.Bb2 b6 9.Nc3 dxc4
10.bxc4 Bb7 11.Qe2 a6 12.Rad1 Qc7 13.Ne1 Rfd8 14.f4 Nb4 15.g4 Bxg2 16.Qxg2 Ne8
17.f5 Qc6 18.Qe2 Qd7 19.Ne4 Nd6 20.Ng3 Ne8 21.Nh5 exf5 22.gxf5 Bf6 23.d4 b5
24.Qg2 bxc4 25.Nxf6+ Nxf6 26.e4 cxd4 27.Bxd4 Qc6 28.Nf3 Nd3 29.Kh1 Ne8 30.e5 Rab8
31.e6 f6 32.Bc3 Qe4 33.Nd2 Qxg2+ 34.Kxg2 Nd6 35.a4 Nc5 36.Ba5 Rdc8 37.Rf4 Nd3
38.Rf3 Rc5 39.Bc3 Nxf5  0-1

[Event "10th Nabokov Mem GM"]
[Site "Kiev UKR"]
[Date "2012.04.24"]
[Round "7.3"]
[White "Pavlov,S2"]
[Black "Vysochin,S"]
[Result "0-1"]
[WhiteElo "2460"]
[BlackElo "2550"]

1.Nf3 d5 2.c4 e6 3.g3 dxc4 4.Bg2 a6 5.Ne5 Qd4 6.f4 Nd7 7.Qa4 Qa7 8.Qxc4 Bd6
9.d4 Ne7 10.a4 Nf5 11.e3 c5 12.Nf3 cxd4 13.Nxd4 O-O 14.Nc2 e5 15.Nc3 exf4
16.gxf4 Nf6 17.Nd5 Nxd5 18.Bxd5 Bd7 19.e4 Rac8 20.Qe2 Rfe8 21.Be3 Bc5 22.Bd2 Bd4
23.Kd1 Bxb2 24.Rb1 Rxc2  0-1

[Event "ch-BUL 2012"]
[Site "Panagyurishte BUL"]
[Date "2012.04.24"]
[Round "7.2"]
[White "Arnaudov,G"]
[Black "Enchev,I"]
[Result "1/2-1/2"]
[WhiteElo "2476"]
[BlackElo "2432"]

1.Nf3 d5 2.c4 c6 3.g3 Nf6 4.Bg2 g6 5.b3 Bg7 6.Bb2 O-O 7.O-O Bg4 8.d3 Bxf3
9.Bxf3 e6 10.b4 Nfd7 11.Qb3 Bxb2 12.Qxb2 Qf6 13.Qxf6 Nxf6 14.Nd2 Nbd7 15.Rab1 Rfd8
16.cxd5 cxd5 17.Rfc1 Rac8 18.a4 Ne5 19.Bg2 Ne8 20.f4 Nc6 21.Kf2 Nd6 22.e4 dxe4
23.Nxe4 Nf5 24.Nc5 b6 25.Nb7 Nxb4 26.Rxb4 Rxc1 27.Nxd8 Rc2+ 28.Kg1 Rc1+ 29.Kf2 Rc2+
30.Kg1 Rc1+ 31.Kf2  1/2-1/2

[Event "ch-LTU 2012"]
[Site "Vilnius LTU"]
[Date "2012.04.24"]
[Round "4"]
[White "Kveinys,A"]
[Black "Beinoras,M"]
[Result "1/2-1/2"]
[WhiteElo "2512"]
[BlackElo "2353"]

1.Nf3 d5 2.c4 d4 3.b4 f6 4.e3 e5 5.c5 dxe3 6.fxe3 Be6 7.Be2 a5 8.O-O axb4
9.d4 Ne7 10.Bb2 Nd5 11.Qd3 Nc6 12.Nh4 exd4 13.exd4 Qd7 14.a3 g6 15.Nd2 Bh6
16.axb4 Rxa1 17.Rxa1 O-O 18.Nhf3 Nf4 19.Qb5 Nxe2+ 20.Qxe2 Nxb4 21.Ne4 Nd5
22.Bc1 Bg7 23.Bd2 Re8 24.Ng3 Ne7 25.Re1 Nc6 26.Bc3 Bf7 27.Qb5 Rxe1+ 28.Bxe1 Qc8
29.Ne2 Bd5 30.Bg3 Qe6 31.Kf2 Bc4 32.Nf4 Bxb5 33.Nxe6  1/2-1/2

[Event "TCh-CHN 2012"]
[Site "Beijing CHN"]
[Date "2012.04.28"]
[Round "1"]
[White "Yu Lie"]
[Black "Wang Li"]
[Result "1/2-1/2"]
[WhiteElo "2417"]
[BlackElo "2400"]

1.Nf3 d5 2.c4 e6 3.b3 Nf6 4.g3 Be7 5.Bg2 O-O 6.Bb2 b6 7.O-O Bb7 8.e3 c5 9.Nc3 dxc4
10.bxc4 Nc6 11.Qe2 Qd7 12.Rfd1 Rfd8 13.d3 Rac8 14.Rac1 Qc7 15.Ng5 Nb4 16.Nb5 Qb8
17.Nf3 Qa8 18.e4 Nc6 19.Ba1 Rd7 20.Ne5 Nxe5 21.Bxe5 Bc6 22.a4 a6 23.Nc3 Rb7
24.Bf4 Nd7 25.h4 Rd8 26.Bg5 Nf8 27.Bxe7 Rxe7 28.Rb1 Rb7 29.Qe3 Nd7 30.d4 cxd4
31.Rxd4 Nc5 32.Rxd8+ Qxd8 33.a5 Nd7 34.axb6  1/2-1/2

[Event "TCh-AUT 2 Mitte 2011-12"]
[Site "Fuerstenfeld AUT"]
[Date "2012.04.28"]
[Round "10"]
[White "Spindelboeck,G"]
[Black "Knapp,F"]
[Result "1-0"]
[WhiteElo "2235"]
[BlackElo "2035"]

1.Nf3 d5 2.c4 c6 3.d4 Nf6 4.Qc2 Nbd7 5.g3 dxc4 6.Qxc4 Nb6 7.Qc2 Bg4 8.Nbd2 e6
9.Bg2 Bd6 10.O-O Qc7 11.b3 h5 12.e4 Nfd7 13.Bb2 h4 14.Rfe1 O-O-O 15.a4 hxg3
16.hxg3 Rh5 17.a5 Na8 18.a6 b6 19.Rac1 Nb8 20.e5 Bb4 21.Qc4 Bxf3 22.Bxf3 Bxd2
23.Bxh5 Bxe1 24.Rxe1 b5 25.Qc3 Nxa6 26.Rc1 Kb7 27.Bxf7 b4 28.Qc2 Qxf7 29.Qxc6+ Kb8
30.Qxa6 Rh8 31.Qd6+ Nc7 32.Qxb4+ Ka8 33.Qc3 Nd5 34.Qc6+ Kb8 35.Ba3 Qb7 36.Bd6+ Ka8
37.b4 g5 38.b5 g4 39.Ra1 Qxc6 40.bxc6 Rc8 41.Ra6 Nb6 42.Bc5 Rxc6 43.Bxb6 Rxb6
44.Rxb6 axb6 45.d5 Kb7 46.d6 b5 47.Kf1 Kc6 48.Ke2 Kb6 49.f3  1-0

[Event "TCh-AUT 2 Mitte 2011-12"]
[Site "Fuerstenfeld AUT"]
[Date "2012.04.28"]
[Round "10"]
[White "Grunberg,M"]
[Black "Haba,P"]
[Result "1/2-1/2"]
[WhiteElo "2420"]
[BlackElo "2502"]

1.Nf3 d5 2.c4 d4 3.e3 Nc6 4.d3 e5 5.a3 a5 6.exd4 exd4 7.g3 Nf6 8.Bg2 Be7
9.O-O O-O 10.Re1 Nd7 11.Qc2 Re8 12.Nbd2 Nc5 13.Nb3 Ne6 14.Ne5 Nxe5 15.Rxe5 a4
16.Nd2 Bd6 17.Re2 Nc5 18.Rxe8+ Qxe8 19.Ne4 Bf5 20.Nxc5 Qe1+ 21.Bf1 Bxc5 22.Rb1 Qe6
23.Bd2 Qg6 24.Re1 h5 25.Bf4 c6 26.h4 f6 27.Qd1 Kh7 28.Kh2 Ra6 29.Be2 Bg4
30.Bxg4 hxg4 31.Bc7 Qf5  1/2-1/2

[Event "TCh-AUT 2 Mitte 2011-12"]
[Site "Fuerstenfeld AUT"]
[Date "2012.04.28"]
[Round "10"]
[White "Schwabeneder,A"]
[Black "Detter,P"]
[Result "0-1"]
[WhiteElo "2066"]
[BlackElo "2100"]

1.Nf3 d5 2.c4 e6 3.e3 Nf6 4.b3 Be7 5.Bb2 O-O 6.Be2 c5 7.O-O Nc6 8.d4 cxd4
9.Nxd4 Nxd4 10.Bxd4 dxc4 11.Bxc4 b6 12.Qe2 Bb7 13.Nd2 Bd6 14.Ba6 Bxa6 15.Qxa6 Nd5
16.Qe2 Rc8 17.Ne4 Bb8 18.f4 Nxf4 19.Qg4 Ng6 20.Nf6+ gxf6 21.Bxf6 Qd6 22.Rf4 Rc5
23.Rd1 h5 24.Qf3 Qc6 25.Bd4 Bxf4  0-1

[Event "Norsk Sjakkfestival"]
[Site "Fagernes NOR"]
[Date "2012.04.29"]
[Round "2"]
[White "Prakken,G"]
[Black "Georgiev,Vl"]
[Result "0-1"]
[WhiteElo "2219"]
[BlackElo "2531"]

1.Nf3 d5 2.c4 e6 3.b3 c5 4.g3 Nc6 5.Bg2 d4 6.O-O Bd6 7.e3 Nge7 8.exd4 cxd4
9.d3 e5 10.Nbd2 O-O 11.a3 h6 12.b4 a6 13.Nb3 b5 14.Nfd2 Be6 15.Bb2 Qd7 16.Rc1 Bg4
17.Qc2 Rac8 18.Qb1 f5 19.cxb5 axb5 20.Nc5 Qe8 21.Rfe1 Kh8 22.Qa2 Bh5 23.Qb3 Bf7
24.Qd1 Bd5 25.Bxd5 Nxd5 26.Qb3 Nb6 27.Ba1 Rf6 28.Qd1 Qf7 29.Qb3 Qa7 30.Bb2 Ne7
31.Nf3 Ng6 32.Qd1 Bxc5 33.bxc5 Na4 34.Ba1 Rxc5 35.Qb3 Rxc1 36.Rxc1 Qb7 37.Nd2 Nf4  0-1

[Event "TCh-AUT 2 Mitte 2011-12"]
[Site "Fuerstenfeld AUT"]
[Date "2012.04.29"]
[Round "11"]
[White "Webersberger,J"]
[Black "Waldmann,G"]
[Result "1-0"]
[WhiteElo "2380"]
[BlackElo "2208"]

1.Nf3 d5 2.c4 c6 3.e3 Nf6 4.d4 e6 5.b3 Bb4+ 6.Nbd2 Ne4 7.a3 Bxd2+ 8.Nxd2 Nxd2
9.Qxd2 a5 10.Be2 Nd7 11.O-O O-O 12.Bb2 f5 13.b4 axb4 14.axb4 Rb8 15.b5 Nf6
16.Ba3 Rf7 17.Qb2 Bd7 18.Bd6 Ra8 19.Rxa8 Qxa8 20.c5 Qd8 21.f3 g5 22.Ra1 h5
23.Ra7 Be8 24.Qa3 Kg7 25.Ra8 Qd7 26.Qa5 cxb5 27.Be5 b4 28.Qxb4 Kg6 29.Qa5 g4
30.Rd8 Qa4 31.Qxa4 Bxa4 32.Kf2 Rd7 33.Rc8 Rh7 34.h4 Rg7 35.Ke1 Bc6 36.Kd2 Kf7
37.Rc7+ Kg6 38.Rxg7+ Kxg7 39.Kc3 Kf7 40.Bxf6 Kxf6 41.Kb4 Ke7 42.Ka5 Kd7 43.Kb6 Kc8
44.fxg4 fxg4 45.g3 Ba4 46.Bd3 Be8 47.Bc2 Kb8 48.Bh7 Bf7 49.c6 bxc6 50.Kxc6 Kc8
51.Kd6 Kd8 52.Bc2  1-0

[Event "TCh-SUI National A 2012"]
[Site "Switzerland SUI"]
[Date "2012.04.29"]
[Round "3.4"]
[White "Buss,Ra"]
[Black "Ermeni,A"]
[Result "1/2-1/2"]
[WhiteElo "2408"]
[BlackElo "2259"]

1.Nf3 d5 2.c4 e6 3.g3 Nf6 4.Bg2 c5 5.cxd5 exd5 6.d4 Nc6 7.O-O Be7 8.Nc3 O-O
9.Bg5 c4 10.Ne5 Be6 11.Nxc6 bxc6 12.b3 Qa5 13.Na4 Rfd8 14.e3 Rac8  1/2-1/2

[Event "MMM Open 2012"]
[Site "Krakow POL"]
[Date "2012.04.30"]
[Round "2.1"]
[White "Jakubiec,A"]
[Black "Gbyl,A"]
[Result "1-0"]
[WhiteElo "2521"]
[BlackElo "2223"]

1.Nf3 d5 2.c4 c6 3.e3 Nf6 4.Nc3 e6 5.b3 Be7 6.Bb2 O-O 7.Qc2 Nbd7 8.d4 b6
9.cxd5 exd5 10.Bd3 Bb7 11.O-O Bd6 12.Rad1 Qc7 13.Rfe1 Rfe8 14.Bf5 g6 15.Bd3 Rac8
16.h3 Qb8 17.Qe2 Rcd8 18.a3 Nf8 19.Qc2 Ne6 20.b4 Rc8 21.Qb1 Rcd8 22.Ba1 Bf8
23.Ne5 Bg7 24.Na4 Nd7 25.f4 b5 26.Nc3 Nb6 27.f5 Nf8 28.e4 Nfd7 29.Nxd7 Bxd4+
30.Kh1 Rxd7 31.exd5 Rxe1+ 32.Rxe1 Nxd5 33.Nxd5 Rxd5 34.fxg6 hxg6 35.Bxd4 Rxd4
36.Bxg6 Qf8 37.Rf1 Rd7 38.Bh7+ Kh8 39.Qf5 Re7 40.Qf6+ Kxh7 41.Rf4  1-0

[Event "Capablanca Prestige A"]
[Site "Pretoria RSA"]
[Date "2012.05.01"]
[Round "9"]
[White "De Villiers,C"]
[Black "Kobese,W"]
[Result "1-0"]
[WhiteElo "2255"]
[BlackElo "2366"]

1.Nf3 d5 2.c4 e6 3.b3 Nf6 4.Bb2 c5 5.g3 Be7 6.Bg2 O-O 7.O-O Nc6 8.e3 Qb6
9.cxd5 exd5 10.Nc3 Bf5 11.d4 cxd4 12.Nxd4 Nxd4 13.Na4 Qe6 14.Qxd4 Bh3 15.Rac1 Bxg2
16.Kxg2 Bd6 17.Rfd1 Rfe8 18.Nc5 Qf5 19.Qd3 Qxd3 20.Rxd3 b6 21.Bxf6 gxf6 22.Na4 Be5
23.f4 Bd6 24.Kf3 Rac8 25.Rxc8 Rxc8 26.Nc3 Kg7 27.Ke2 Bb4 28.Nxd5 Bf8 29.Kd1 f5
30.Nc3 Rc6 31.Nb5 Rc5 32.a4 a6 33.Nd4 Kg6 34.Nf3 f6 35.Rd8 Be7 36.Rd7 Kf7
37.Nd4 b5 38.axb5 axb5 39.Rb7 b4 40.Rxb4 Rc7 41.Rb5 Ra7 42.Nxf5 Bf8 43.g4 Ra1+
44.Ke2 Ra2+ 45.Kf3 Rxh2 46.Nd4 Kg6 47.Ne6 Ba3 48.Rb7 f5 49.g5 h6 50.gxh6 Rh3+
51.Ke2 Kxh6 52.Rh7+ Kxh7 53.Ng5+ Kg6 54.Nxh3 Kh5 55.Kf3 Kg6 56.Nf2 Kf6 57.Nd3 Ke6
58.Ne1 Kd5 59.Nc2 Bc5 60.Nd4  1-0

[Event "Copenhagen Chess Challenge 2012"]
[Site "Ballerup DEN"]
[Date "2012.05.03"]
[Round "2"]
[White "Thuesen,M"]
[Black "Semcesen,D"]
[Result "1/2-1/2"]
[WhiteElo "2242"]
[BlackElo "2461"]

1.Nf3 d5 2.c4 c6 3.b3 Bg4 4.Bb2 Nd7 5.e3 e6 6.h3 Bh5 7.d3 h6 8.Be2 Ngf6 9.O-O Bd6
10.Nc3 O-O 11.cxd5 exd5 12.Nh4 Bxe2 13.Nxe2 Re8 14.Nf5 Bf8 15.Qd2 a5 16.Bc3 g6
17.Nfd4 Bg7 18.Rac1 Qb6 19.a4 Re7 20.Rc2 Ne8 21.Bb2 Nc7 22.Ba3 Ree8 23.Rfc1 Na6
24.Rb1 Qd8 25.Rcc1 h5 26.Nf3 Rc8 27.Ned4 Ne5 28.Nxe5 Bxe5 29.Nf3 Bg7 30.d4 Re6
31.Ne1 Bf8 32.Bxf8 Kxf8 33.Nd3 Kg7 34.Qc3 Kh7 35.Rc2 Re7 36.Rcb2 Kg7 37.Rc2 Qc7
38.Rcb2 Qd8 39.Rc2  1/2-1/2

[Event "Nakhchivan Open 2012"]
[Site "Nakhchivan AZE"]
[Date "2012.05.03"]
[Round "6.11"]
[White "Javakhadze,Z"]
[Black "Heydarli,K"]
[Result "1/2-1/2"]
[WhiteElo "2418"]
[BlackElo "2329"]

1.Nf3 d5 2.c4 dxc4 3.Na3 Nf6 4.Nxc4 e6 5.g3 Be7 6.Bg2 O-O 7.O-O c5 8.b3 Nc6
9.Bb2 Rb8 10.Nfe5 Nxe5 11.Bxe5 Ra8 12.Rc1 Nd5 13.Bb2 Bd7 14.d4 cxd4 15.Bxd5 exd5
16.Qxd4 Bf6 17.Qxd5 Bxb2 18.Nxb2 Qe8 19.Qxb7 Qxe2 20.Qxd7 Qxb2 21.Qa4 f5
22.Rc7 f4 23.Rxa7 Rac8 24.Qd7 h6 25.Qe6+ Kh8 26.Rf7 fxg3 27.fxg3 Qd4+ 28.Kg2 Rfe8
29.Qg6 Re2+ 30.Kh3 Rg8 31.Rf8 Qd2 32.Kg4 Rxh2 33.Rxg8+ Kxg8 34.Qe6+ Kh7 35.Qe4+ Kg8
36.Qe6+ Kh7 37.Qe4+ Kg8 38.Qa8+ Kh7 39.Qe4+ Kg8  1/2-1/2

[Event "ch-LAT 2012"]
[Site "Riga LAT"]
[Date "2012.05.03"]
[Round "7"]
[White "Putka,V"]
[Black "Sveshnikov,V"]
[Result "1/2-1/2"]
[WhiteElo "2293"]
[BlackElo "2426"]

1.Nf3 d5 2.c4 e6 3.g3 dxc4 4.Qa4+ Bd7 5.Qxc4 c5 6.Ne5 Nc6 7.Nxd7 Qxd7 8.Bg2 Nf6
9.O-O Rc8 10.Qa4 Nd5 11.Nc3 Be7 12.Qg4 h5 13.Qe4 f5 14.Qa4 h4 15.a3 hxg3
16.hxg3 Bf6 17.Nxd5 exd5 18.d3 Nd4 19.Qd1 Rd8 20.Rb1 Kf8 21.Bd2 Ne6 22.Rc1 b5
23.Re1 g5 24.Bc3 d4 25.Bd2 Rc8 26.e4 dxe3 27.Bxe3 Kf7 28.b3 Qd6 29.Bd2 Bd4
30.Be3 Bf6 31.Bd2 f4 32.Rb1 fxg3 33.Qf3 gxf2+ 34.Qxf2 Nf4 35.Bxf4 Qxf4 36.Bd5+ Kg7
37.Qxf4 gxf4 38.Kg2 Rh5 39.Be4 Bd4 40.Rh1 Rg5+ 41.Kf3 Be3 42.Rh3 Kf6 43.a4 b4
44.Rh7 Ke5 45.Rd7 Rh8 46.Rd5+ Kf6 47.Rxg5 Kxg5  1/2-1/2

[Event "Asian Continental 2012"]
[Site "Ho Chi Minh City VIE"]
[Date "2012.05.05"]
[Round "1.25"]
[White "Venkatesh,M"]
[Black "Hamdani,R"]
[Result "1-0"]
[WhiteElo "2517"]
[BlackElo "2322"]

1.Nf3 d5 2.c4 c6 3.g3 Nf6 4.Bg2 g6 5.b3 Bg7 6.Bb2 O-O 7.O-O Nbd7 8.d4 b5
9.Ne5 Bb7 10.cxb5 cxb5 11.Nc3 a6 12.Rc1 Rc8 13.e3 Re8 14.Nd3 e6 15.a4 Qb6
16.axb5 axb5 17.Ba3 Bf8 18.Bxf8 Rxf8 19.b4 Rfd8 20.Nc5 Ne8 21.Qg4 Ndf6 22.Qf4 Kg7
23.g4 Nd6 24.h4 h5 25.f3 Nc4 26.Rf2 Bc6 27.e4 Rh8 28.g5 Nh7 29.Bh3 Qb8 30.e5 Rhe8
31.Ra2 Kg8 32.Rca1 Re7 33.Ne2 Rce8 34.Ra6 Rc7 35.Nc1 Nf8 36.N1b3 Ree7 37.Qf6 Ra7
38.Rxc6 Rxa1+ 39.Nxa1 Ra7 40.Nab3 Qa8 41.Nxe6 Nxe6 42.Bxe6 Ra1+ 43.Nxa1 Qxa1+
44.Kh2  1-0

[Event "Asian Continental 2012"]
[Site "Ho Chi Minh City VIE"]
[Date "2012.05.06"]
[Round "2.34"]
[White "Wahono,A"]
[Black "Tran Tuan Minh"]
[Result "1/2-1/2"]
[WhiteElo "2405"]
[BlackElo "2266"]

1.Nf3 d5 2.c4 c6 3.b3 Bf5 4.Bb2 e6 5.g3 Nf6 6.Bg2 h6 7.O-O Be7 8.d3 O-O 9.Nbd2 a5
10.a3 Bh7 11.Qc2 Qb6 12.Rac1 Nbd7 13.Qb1 Rfc8 14.Qa1 Ne8 15.Rc2 Bf6 16.Rfc1 Bxb2
17.Qxb2 Nef6 18.h3 Re8 19.Nh2 e5 20.cxd5 cxd5 21.e4 Rad8 22.Nhf1 Nf8 23.Ne3 Ne6
24.exd5 Nd4 25.Ndc4 Qa7 26.Qc3 Nxc2 27.Rxc2 e4 28.dxe4 Nxe4 29.Qxa5 Qd4 30.Kh2 b5
31.Qxb5 Nc3 32.Rxc3 Qxc3 33.d6 Qe1 34.Ng4 Be4 35.Qc5 Bxg2 36.Kxg2 Qe4+ 37.Kh2 Qb7
38.Nge5 f6 39.Nc6 Rc8 40.Qd5+ Qf7 41.d7 Qxd5 42.dxc8=Q Kf8 43.Qb7 Qf3 44.Qb4+ Kg8
45.Ne7+ Rxe7  1/2-1/2

[Event "TCh-HUN 2011-12"]
[Site "Kecskemet HUN"]
[Date "2012.05.06"]
[Round "10"]
[White "Kovacs,Adr"]
[Black "Fodor,T jr"]
[Result "0-1"]
[WhiteElo "2233"]
[BlackElo "2476"]

1.Nf3 d5 2.c4 c6 3.cxd5 Qxd5 4.Nc3 Qa5 5.d4 Nf6 6.Bd2 Bg4 7.Ne5 Be6 8.e3 g6
9.b4 Qc7 10.b5 Bg7 11.bxc6 bxc6 12.Qa4 O-O 13.Rc1 Rc8 14.Bc4 Qd6 15.Qb3 Bxc4
16.Qxc4 e6 17.Na4 Ne4 18.Bb4 Qd8 19.Nd3 Nd7 20.Nac5 Nb6 21.Qa6 Nd6 22.O-O Nf5
23.Ne4 Bh6 24.Rfe1 Nd5 25.Rxc6 Rcb8 26.Ba3 Qh4 27.Nd6 Nfxe3 28.fxe3 Bxe3+
29.Rxe3 Nxe3 30.Rc1 Qg4 31.Qc6 Qxd4 32.Qe4 Qxe4 33.Nxe4 Rc8 34.Nf6+ Kg7 35.Nd7 Rxc1+
36.Bxc1 Nd5 37.Bb2+ f6 38.N3c5 Kf7 39.Ne4 e5 40.Ba3 Rd8 41.Ndc5 Nf4 42.Nb3 h6
43.Nd6+ Ke6 44.Nb5 Rd1+ 45.Kf2 Rh1 46.h3 Rh2 47.Nc5+ Kd5 48.Kf1 Rxg2 49.Nd3 Rg3  0-1

[Event "TCh-HUN 2011-12"]
[Site "Szombathely HUN"]
[Date "2012.05.06"]
[Round "10"]
[White "Lenic,L"]
[Black "Kovacs,Ga4"]
[Result "1-0"]
[WhiteElo "2641"]
[BlackElo "1913"]

1.Nf3 d5 2.c4 e6 3.b3 Nf6 4.g3 Be7 5.Bg2 O-O 6.Bb2 a5 7.Nc3 d4 8.Nb5 c5 9.e3 dxe3
10.dxe3 Qb6 11.a4 Bd7 12.O-O Bc6 13.Qe2 Be4 14.Ne1 Bxg2 15.Kxg2 Nc6 16.Nd3 Rfd8
17.Rad1 Rd7 18.e4 Rad8 19.f3 Nb4 20.Nf2 Rxd1 21.Rxd1 Rxd1 22.Qxd1 Qc6 23.e5 Nd7
24.Ne4 b6 25.Qd2 Qc8 26.Ned6 Bxd6 27.exd6 Qd8 28.Qe3 h6 29.h4 Nc6 30.Qe4 Ndb8
31.Qg4 Qf8 32.h5 f5 33.Qg6 Qf7 34.Nc7 Nd8 35.Ne8 Nd7 36.Bxg7 Nc6 37.Nf6+ Nxf6
38.Bxf6+ Qxg6 39.hxg6 Nb8 40.f4 Nd7 41.Be5 Nf8 42.Kh3 h5 43.Bf6 Nd7 44.Bc3  1-0

[Event "14th Salou Open"]
[Site "Salou ESP"]
[Date "2012.05.07"]
[Round "5.2"]
[White "Burmakin,V"]
[Black "Ibarra Jerez,JC"]
[Result "1/2-1/2"]
[WhiteElo "2586"]
[BlackElo "2523"]

1.Nf3 d5 2.c4 d4 3.g3 Nc6 4.d3 e5 5.Bg2 Nf6 6.O-O Nd7 7.e3 Be7 8.exd4 exd4
9.Nbd2 Nc5 10.Nb3 Ne6 11.Re1 O-O 12.Ne5 Nxe5 13.Rxe5 c6 14.Bd2 Bf6 15.Re1 a5
16.Qh5 g6 17.Qf3 Bg7 18.Rab1 h5 19.h3 a4 20.Na1 Ng5  1/2-1/2

[Event "85th ch-St Petersburg"]
[Site "St Petersburg RUS"]
[Date "2012.05.08"]
[Round "4"]
[White "Klimov,S"]
[Black "Usmanov,V"]
[Result "1-0"]
[WhiteElo "2505"]
[BlackElo "2358"]

1.Nf3 d5 2.c4 e6 3.g3 Nf6 4.Bg2 dxc4 5.Qa4+ Nbd7 6.Qxc4 c5 7.Qb3 Bd6 8.Na3 O-O
9.O-O Nb6 10.Nb5 e5 11.d3 Be6 12.Qa3 Nbd5 13.Bd2 Nc7 14.Nxd6 Qxd6 15.Rfc1 Na6
16.Bc3 Nd7 17.d4 e4 18.Ng5 f5 19.dxc5 Naxc5 20.b4 Na6 21.Qb2 Nf6 22.b5 Nc5
23.Be5 Qe7 24.Rxc5 Nd7 25.Nxe6 Qxe6 26.Rac1 Nxc5 27.Rxc5 Rf7 28.e3 Rc8 29.Qc3 Rxc5
30.Qxc5 b6 31.Qc3 Re7 32.Bd4 h6 33.Bf1 Kh7 34.a4 Qd6 35.Qc6 Qd8 36.Bc4 Rc7
37.Qe6 Qc8 38.Qe5 g6 39.Qf6 Qe8 40.Bd5 Re7 41.Kg2 h5 42.h4 Kh6 43.Bc3 Rc7
44.Be5 Re7 45.Bd6 Rd7 46.Bc6 Qd8 47.Qf8+  1-0